[Event "FIDE World Uni Rapid-E 1st"]
[Site "Tornelo INT"]
[Date "2021.03.21"]
[Round "11"]
[White "Yim, Sung Ho"]
[Black "Coman, Emilia Florentina"]
[Result "0-1"]
[WhiteElo "2281"]
[BlackElo "1770"]
[PlyCount "78"]
[EventDate "2021.03.20"]
[EventType "swiss (rapid)"]
[EventRounds "12"]
[EventCountry "NET"]
[SourceTitle "EXT 2022"]
[Source "ChessBase"]
[SourceDate "2021.10.06"]
[SourceVersion "1"]
[SourceVersionDate "2021.10.06"]
[SourceQuality "1"]

1. d4 e5 2. dxe5 Bb4+ 3. c3 Bc5 4. Nf3 Ne7 5. Bg5 0-0 6. Nbd2 Nbc6 7. Ne4 Bb6 8. e3 Qe8 9. Bf4 Ng6 10. Qd5 Nce7 11. Qb5 a6 12. Qd3 Nc6 13. Qd5 Nce7 14. Qd2 Nc6 15. Be2 Ncxe5 16. Nxe5 Nxe5 17. Ng5 d6 18. 0-0 Bf5 19. Nf3 Nxf3+ 20. Bxf3 Be4 21. Bxe4 Qxe4 22. Rad1 Rfe8 23. Qd5 Qxd5 24. Rxd5 Re4 25. Rfd1 h6 26. Kf1 Rae8 27. f3 Ra4 28. e4 Rxa2 29. R5d2 g5 30. Bg3 f6 31. Bf2 Bxf2 32. Kxf2 Re5 33. Ke3 Rb5 34. Rb1 a5 35. Kd3 a4 36. Kc4 Rb6 37. g3 a3 38. f4 Raxb2 39. Rdxb2 Rxb2 0-1

[Event "FIDE World Uni Rapid-E 1st"]
[Site "Tornelo INT"]
[Date "2021.03.20"]
[Round "6"]
[White "Rzeszowski, Dominik"]
[Black "Coman, Emilia Florentina"]
[Result "1-0"]
[WhiteElo "1869"]
[BlackElo "1770"]
[PlyCount "57"]
[EventDate "2021.03.20"]
[EventType "swiss (rapid)"]
[EventRounds "12"]
[EventCountry "NET"]
[SourceTitle "EXT 2022"]
[Source "ChessBase"]
[SourceDate "2021.10.06"]
[SourceVersion "1"]
[SourceVersionDate "2021.10.06"]
[SourceQuality "1"]

1. e4 e6 2. d4 d5 3. e5 c5 4. Qg4 Nc6 5. Nf3 Nge7 6. Bd3 Ng6 7. 0-0 cxd4 8. Re1 Qc7 9. Qg3 Bb4 10. Bd2 Bc5 11. a3 a5 12. h4 h5 13. Bxg6 fxg6 14. Qxg6+ Qf7 15. Qxf7+ Kxf7 16. Bg5 b6 17. Nbd2 a4 18. Rad1 Ba6 19. Nb1 b5 20. c3 dxc3 21. Nxc3 Na5 22. Nxd5 exd5 23. Rxd5 Rac8 24. e6+ Ke8 25. e7 Nb7 26. Rd8+ Kf7 27. Ne5+ Ke6 28. Ng6+ Kf5 29. Rxh8 1-0

[Event "ROM-chT (Women)"]
[Site "Sovata"]
[Date "2018.11.28"]
[Round "4.2"]
[White "Coman, Emilia Florentina"]
[Black "Popa, Andrada"]
[Result "1-0"]
[WhiteElo "1802"]
[BlackElo "1598"]
[PlyCount "45"]
[EventDate "2018.11.25"]
[EventType "team-tourn"]
[EventRounds "7"]
[EventCountry "ROU"]
[SourceTitle "CBM 187 Extra"]
[Source "ChessBase"]
[SourceDate "2018.11.04"]
[SourceVersion "1"]
[SourceVersionDate "2018.11.04"]
[SourceQuality "1"]
[WhiteTeam "Bucharest CSM (W)"]
[BlackTeam "Ploiesti CSU (W)"]
[WhiteTeamCountry "ROU"]
[BlackTeamCountry "ROU"]

1. d4 d5 2. c4 e6 3. Nc3 Nf6 4. cxd5 exd5 5. Bg5 c6 6. e3 Be7 7. Bd3 Nbd7 8. Qc2 h6 9. Bh4 0-0 10. Nf3 Re8 11. 0-0 Ne4 12. Bxe7 Qxe7 13. Rab1 a5 14. Na4 f5 15. Rbc1 Qd6 16. Rfe1 Ndf6 17. Ne5 c5 18. Nxc5 b6 19. Na4 Bb7 20. Qc7 Rab8 21. Qf7+ Kh7 22. Rc7 Rg8 23. Qg6+ 1-0

[Event "ROM-chT U20 Girls"]
[Site "Iasi"]
[Date "2018.07.18"]
[Round "6.2"]
[White "Lupascu, Diana Elena"]
[Black "Coman, Emilia Florentina"]
[Result "1-0"]
[WhiteElo "1641"]
[BlackElo "1803"]
[PlyCount "59"]
[EventDate "2018.07.13"]
[EventType "team-tourn"]
[EventRounds "6"]
[EventCountry "ROU"]
[SourceTitle "EXT 2020"]
[Source "ChessBase"]
[SourceDate "2019.10.17"]
[SourceVersion "1"]
[SourceVersionDate "2019.10.17"]
[SourceQuality "1"]
[WhiteTeam "Iasi Politehnica"]
[BlackTeam "Bucharest CSM"]
[WhiteTeamCountry "ROU"]
[BlackTeamCountry "ROU"]

1. d4 Nf6 2. g3 c5 3. dxc5 e5 4. Bg2 Bxc5 5. Nf3 Nc6 6. 0-0 h6 7. c4 0-0 8. Nfd2 d6 9. Nc3 Nd4 10. e3 Bg4 11. Qa4 Nc6 12. Nde4 Bb6 13. h3 Nxe4 14. Nxe4 Be6 15. Rd1 Bc7 16. Nc5 Bc8 17. Nxb7 Bxb7 18. Bxc6 Qc8 19. Kh2 Bxc6 20. Qxc6 Qf5 21. Kg2 Rac8 22. Qd5 Bb6 23. b3 Rc5 24. Qf3 Qc2 25. Ba3 e4 26. Qf4 g5 27. Qf6 Bd8 28. Qxd6 Rf5 29. Qxf8+ Kh7 30. Rf1 1-0

[Event "ROM-ch (Women)"]
[Site "Olanesti"]
[Date "2018.05.17"]
[Round "4"]
[White "Coman, Emilia Florentina"]
[Black "Bulmaga, Irina"]
[Result "0-1"]
[WhiteElo "1869"]
[BlackElo "2415"]
[PlyCount "80"]
[EventDate "2018.05.14"]
[EventType "swiss"]
[EventRounds "9"]
[EventCountry "ROU"]
[SourceTitle "CBM 184 Extra"]
[Source "ChessBase"]
[SourceDate "2018.06.28"]
[SourceVersion "1"]
[SourceVersionDate "2018.06.28"]
[SourceQuality "1"]

1. d4 Nf6 2. c4 e6 3. Nc3 Bb4 4. Qc2 Nc6 5. Nf3 0-0 6. Bg5 d6 7. a3 Bxc3+ 8. bxc3 e5 9. e4 Qe7 10. Bd3 h6 11. Be3 Ng4 12. 0-0 b6 13. h3 Nxe3 14. fxe3 Na5 15. Qe2 Bd7 16. Nd2 c5 17. Rf2 Rac8 18. Rc1 Rc7 19. Rff1 cxd4 20. cxd4 Rfc8 21. Rb1 Be6 22. Rfc1 Qf6 23. Rb5 exd4 24. Rf1 Qe7 25. exd4 Nxc4 26. Nxc4 Bxc4 27. Bxc4 Rxc4 28. Rbf5 Rc1 29. Qf3 Rxf1+ 30. Qxf1 Qxe4 31. Rxf7 Qxd4+ 32. Kh1 Qe3 33. Kh2 Qe5+ 34. Kh1 a5 35. Rb7 Rf8 36. Qc4+ d5 37. Qb5 Rc8 38. Qf1 Qe6 39. Kh2 Kh8 40. Qb1 Qe5+ 0-1

[Event "ROM-ch U20 Girls"]
[Site "Calimanesti Caciulata"]
[Date "2018.03.31"]
[Round "5"]
[White "Coman, Emilia Florentina"]
[Black "Toba, Andreea Valentina"]
[Result "1-0"]
[WhiteElo "1836"]
[BlackElo "1576"]
[PlyCount "37"]
[EventDate "2018.03.27"]
[EventType "tourn"]
[EventRounds "7"]
[EventCountry "ROU"]
[SourceTitle "EXT 2019"]
[Source "ChessBase"]
[SourceDate "2018.10.10"]
[SourceVersion "1"]
[SourceVersionDate "2018.10.10"]
[SourceQuality "1"]

1. d4 d6 2. e4 Nf6 3. Nc3 Nbd7 4. Be3 g6 5. Qd2 Bg7 6. Bh6 0-0 7. Bxg7 Kxg7 8. h4 e5 9. dxe5 Nxe5 10. 0-0-0 Re8 11. f3 h5 12. Nge2 Be6 13. Nd4 Kg8 14. Nxe6 Rxe6 15. g4 Nh7 16. Be2 Nd7 17. f4 Nc5 18. e5 f6 19. Bc4 1-0

[Event "ROM-ch U20 Girls"]
[Site "Calimanesti Caciulata"]
[Date "2018.03.27"]
[Round "1"]
[White "Coman, Emilia Florentina"]
[Black "Ciungan, Diana Alexandra"]
[Result "1/2-1/2"]
[WhiteElo "1836"]
[BlackElo "1913"]
[PlyCount "61"]
[EventDate "2018.03.27"]
[EventType "tourn"]
[EventRounds "7"]
[EventCountry "ROU"]
[SourceTitle "EXT 2019"]
[Source "ChessBase"]
[SourceDate "2018.10.10"]
[SourceVersion "1"]
[SourceVersionDate "2018.10.10"]
[SourceQuality "1"]

1. d4 Nf6 2. c4 e6 3. Nc3 Bb4 4. Qc2 d5 5. Nf3 0-0 6. Bg5 b6 7. cxd5 exd5 8. e3 c5 9. Bd3 h6 10. Bh4 c4 11. Bf5 Nc6 12. 0-0 Bxc3 13. bxc3 Bxf5 14. Qxf5 Ne7 15. Qe5 Ng6 16. Bxf6 Nxe5 17. Bxd8 Nxf3+ 18. gxf3 Rfxd8 19. e4 b5 20. Rab1 Rab8 21. Rb2 b4 22. Rfb1 a5 23. Kf1 Ra8 24. cxb4 dxe4 25. fxe4 Rxd4 26. b5 c3 27. Rc2 Rb4 28. Rbc1 Rc8 29. Rxc3 Rxc3 30. Rxc3 Rxb5 31. Rc8+ 1/2-1/2

[Event "Wch U16 Girls"]
[Site "Montevideo"]
[Date "2017.09.23"]
[Round "8"]
[White "Hunt, Fikirte"]
[Black "Coman, Emilia Florentina"]
[Result "1/2-1/2"]
[WhiteElo "1855"]
[BlackElo "1821"]
[PlyCount "89"]
[EventDate "2017.09.17"]
[EventType "swiss"]
[EventRounds "11"]
[EventCountry "URU"]
[SourceTitle "CBM 180 Extra"]
[Source "ChessBase"]
[SourceDate "2017.10.06"]
[SourceVersion "1"]
[SourceVersionDate "2017.10.06"]
[SourceQuality "1"]

1. Nf3 Nf6 2. d4 g6 3. c4 Bg7 4. Nc3 d6 5. e4 Nbd7 6. Be2 0-0 7. 0-0 e5 8. d5 Nc5 9. Qc2 a5 10. Ne1 Ne8 11. Be3 f5 12. f3 f4 13. Bf2 g5 14. a3 Nf6 15. Rb1 Bd7 16. b4 axb4 17. axb4 Na4 18. Nd3 Nxc3 19. Qxc3 Ra2 20. Nc1 Ra4 21. c5 Qa8 22. b5 g4 23. Kh1 g3 24. Bg1 gxh2 25. Bf2 Nh5 26. cxd6 cxd6 27. Qc7 Qc8 28. Qxd6 Rf6 29. Qxe5 Rf5 30. Qe7 Bf6 31. Qd6 Be5 32. Qe7 Bf6 33. Qd6 Be5 34. Qh6 Bg7 35. Qb6 Rg5 36. Nb3 Bh3 37. gxh3 Ng3+ 38. Bxg3 fxg3 39. Kg2 Ra2 40. Nc1 Qxc1 41. Qe6+ Kf8 42. Qd6+ Kg8 43. Qe6+ Kf8 44. Qd6+ Kg8 45. Qe6+ 1/2-1/2

[Event "Wch U16 Girls"]
[Site "Montevideo"]
[Date "2017.09.20"]
[Round "5"]
[White "Coman, Emilia Florentina"]
[Black "Gomez Barrera, Javiera Belen"]
[Result "0-1"]
[WhiteElo "1821"]
[BlackElo "2071"]
[PlyCount "164"]
[EventDate "2017.09.17"]
[EventType "swiss"]
[EventRounds "11"]
[EventCountry "URU"]
[SourceTitle "CBM 180 Extra"]
[Source "ChessBase"]
[SourceDate "2017.10.06"]
[SourceVersion "1"]
[SourceVersionDate "2017.10.06"]
[SourceQuality "1"]

1. d4 Nf6 2. c4 g6 3. f3 Bg7 4. e4 d6 5. Nc3 0-0 6. Be3 Nc6 7. Nge2 a6 8. Qd2 Rb8 9. Rc1 Bd7 10. Nd1 Re8 11. Nf2 b5 12. c5 dxc5 13. Rxc5 e5 14. d5 Ne7 15. Qc1 Bf8 16. Bg5 Nc8 17. Rc2 Bb4+ 18. Nc3 Be7 19. Bh6 c6 20. dxc6 Bxc6 21. Be2 Nb6 22. 0-0 Bb7 23. Rd1 Nbd7 24. Bg5 Qa5 25. a3 Rbc8 26. b4 Qc7 27. Rdd2 Qb8 28. Be3 Red8 29. Nd3 Ne8 30. Bf1 Nc7 31. a4 Ba8 32. axb5 axb5 33. Qa3 Bc6 34. Nb2 Qb7 35. Nd3 Ne6 36. Qc1 Bd6 37. Ra2 Nb6 38. Nc5 Bxc5 39. Rxd8+ Rxd8 40. bxc5 Nc4 41. Bxc4 bxc4 42. Rb2 Qc8 43. Rb4 Rd3 44. Rxc4 Qb7 45. Ne2 Qb3 46. Kf2 Rxe3 47. Rc2 Nd4 48. Nxd4 exd4 49. Rd2 Rc3 50. Qa1 d3 51. Ke3 Qc4 52. Qa5 Qxc5+ 53. Qxc5 Rxc5 54. Kxd3 Kg7 55. Kd4 Ra5 56. Rc2 Bd7 57. h3 Be6 58. Rc3 Rb5 59. Rc2 Ra5 60. Rc3 Kf6 61. f4 Kg7 62. g4 Ra4+ 63. Kc5 Ba2 64. f5 g5 65. Re3 Bb1 66. Kd5 Ra5+ 67. Kd6 f6 68. Rc3 Bxe4 69. Rc7+ Kh6 70. Ke7 Ra6 71. Kf8 Bg2 72. Kg8 Bd5+ 73. Kf8 Rb6 74. Rd7 Bc4 75. Rc7 Bf1 76. Kg8 Rb8+ 77. Kf7 Bxh3 78. Rc4 Rb6 79. Kg8 Rb7 80. Rd4 Rc7 81. Kf8 Bxg4 82. Rxg4 Rc5 0-1

[Event "EU-ch U16 Girls 27th"]
[Site "Mamaia"]
[Date "2017.09.08"]
[Round "4"]
[White "Coman, Emilia Florentina"]
[Black "Ayan, Bengu Sena"]
[Result "1-0"]
[WhiteElo "1821"]
[BlackElo "1905"]
[PlyCount "64"]
[EventDate "2017.09.05"]
[EventType "swiss"]
[EventRounds "9"]
[EventCountry "ROU"]
[SourceTitle "CBM 180 Extra"]
[Source "ChessBase"]
[SourceDate "2017.10.06"]
[SourceVersion "1"]
[SourceVersionDate "2017.10.06"]
[SourceQuality "1"]

1. d4 d5 2. c4 c6 3. Nc3 Nf6 4. e3 a6 5. Nf3 b5 6. b3 Bg4 7. h3 Bxf3 8. Qxf3 e6 9. c5 Nbd7 10. g4 h6 11. h4 e5 12. g5 b4 13. Na4 Ne4 14. Bd3 Nc3 15. g6 Qe7 16. Qxf7+ Qxf7 17. gxf7+ Kxf7 18. Nxc3 bxc3 19. Ba3 Be7 20. Bf5 Rad8 21. Bb4 exd4 22. exd4 Bf6 23. 0-0 g6 24. Bg4 h5 25. Be2 Rb8 26. Ba5 Rhe8 27. Bf3 Rb5 28. b4 Nf8 29. a4 Rxa5 30. bxa5 Ne6 31. Be2 Nxd4 32. Bxa6 Be5 1-0

[Event "ROM-ch U16 Girls"]
[Site "Baile Felix"]
[Date "2017.02.03"]
[Round "2"]
[White "Libik, Krisztina Szilvia"]
[Black "Coman, Emilia Florentina"]
[Result "0-1"]
[WhiteElo "1432"]
[BlackElo "1825"]
[PlyCount "72"]
[EventDate "2017.02.02"]
[EventType "swiss"]
[EventRounds "9"]
[EventCountry "ROU"]
[SourceTitle "CBM 176 Extra"]
[Source "ChessBase"]
[SourceDate "2017.03.02"]
[SourceVersion "1"]
[SourceVersionDate "2017.03.02"]
[SourceQuality "1"]

1. e4 c5 2. Nf3 a6 3. d4 cxd4 4. Nxd4 Nf6 5. Bd3 g6 6. 0-0 d6 7. Nc3 Bg7 8. Be3 0-0 9. h3 b6 10. Qd2 Re8 11. Kh1 Bb7 12. f4 Nbd7 13. f5 Nc5 14. fxg6 hxg6 15. Qf2 Rf8 16. Qh4 e5 17. Nde2 Nfxe4 18. Qxd8 Rfxd8 19. Bxe4 Nxe4 20. Nxe4 Bxe4 21. Bxb6 Rdb8 22. Nc3 Bxg2+ 23. Kxg2 Rxb6 24. b3 Rc8 25. Nd5 Rxc2+ 26. Kh1 Rb7 27. h4 Rd2 28. Ne3 Rb4 29. Ng2 Rg4 30. Rg1 e4 31. Rad1 Rxd1 32. Rxd1 Be5 33. a4 Rg3 34. Rb1 Rh3+ 35. Kg1 Bd4+ 36. Kf1 Rh1+ 0-1

[Event "Braila Albulet Memorial (Women) 9th"]
[Site "Braila"]
[Date "2016.11.10"]
[Round "7"]
[White "Coman, Emilia Florentina"]
[Black "Uzuneanu, Gabriela"]
[Result "1-0"]
[WhiteElo "1836"]
[BlackElo "1569"]
[PlyCount "79"]
[EventDate "2016.11.05"]
[EventType "swiss"]
[EventRounds "9"]
[EventCountry "ROU"]
[SourceTitle "CBM 175 Extra"]
[Source "ChessBase"]
[SourceDate "2016.12.12"]
[SourceVersion "1"]
[SourceVersionDate "2016.12.12"]
[SourceQuality "1"]

1. d4 c5 2. d5 b5 3. e4 a6 4. a4 b4 5. Nd2 d6 6. Nc4 Nf6 7. Bd3 g6 8. Nf3 Bg7 9. a5 Nbd7 10. 0-0 0-0 11. h3 Bb7 12. Bg5 h6 13. Bf4 Kh7 14. Qd2 Bc8 15. Rfe1 Nh5 16. Bh2 Kg8 17. Re2 Ra7 18. Rae1 Re8 19. Kh1 Bb7 20. Ng1 Ne5 21. Bxe5 dxe5 22. g3 Qc7 23. Rd1 Raa8 24. Nb6 Rad8 25. Bc4 e6 26. dxe6 fxe6 27. Qe1 Kh7 28. Rxd8 Qxd8 29. Rd2 Qf6 30. Qe2 Kh8 31. Bxa6 Bxa6 32. Qxa6 Qg5 33. Qe2 Rf8 34. a6 Kh7 35. a7 Rxf2 36. Qxf2 Nxg3+ 37. Qxg3 Qxg3 38. a8Q Qe3 39. Rg2 Qf4 40. Qe8 1-0

[Event "Braila Albulet Memorial (Women) 9th"]
[Site "Braila"]
[Date "2016.11.07"]
[Round "3"]
[White "Coman, Emilia Florentina"]
[Black "Radeva, Viktoria"]
[Result "0-1"]
[WhiteElo "1836"]
[BlackElo "2125"]
[PlyCount "60"]
[EventDate "2016.11.05"]
[EventType "swiss"]
[EventRounds "9"]
[EventCountry "ROU"]
[SourceTitle "CBM 175 Extra"]
[Source "ChessBase"]
[SourceDate "2016.12.12"]
[SourceVersion "1"]
[SourceVersionDate "2016.12.12"]
[SourceQuality "1"]

1. d4 Nf6 2. Nf3 d5 3. c4 e6 4. Nc3 dxc4 5. e4 Bb4 6. Bg5 c5 7. d5 exd5 8. e5 h6 9. Bh4 d4 10. exf6 g5 11. Bg3 dxc3 12. Qxd8+ Kxd8 13. 0-0-0+ Ke8 14. Bxc4 cxb2+ 15. Kxb2 Nc6 16. Bc7 Bg4 17. a3 Bxf3 18. gxf3 Ba5 19. Bxa5 Nxa5 20. Rhe1+ Kf8 21. Bd5 Rd8 22. Re7 Nc4+ 23. Kc3 Nd6 24. Rde1 Rg8 25. Bxb7 Rg6 26. Bd5 Rxf6 27. Bc6 Rc8 28. Bd5 Nb5+ 29. Kb3 Rd8 30. Bc4 Rxf3+ 0-1